أحكى لطفلك قصص القران

Bibliographic Details
Main Author: ابراهيم، طارق (Author)
Format: Book
Language:Arabic
Published: Qahirah : Dar al-Hisham , 2005
Edition:الطبعة 1
Subjects:

MARC

LEADER 00000cam a2200000 7i4500
001 0000079639
005 20221012093000.0
008 120704s2005 ua ara
020 |a 9774050274 
050 0 0 |a PJ6120.2.Q7   |b I27 2005 
090 0 0 |a PJ6120.2.Q7   |b I27 2005 
100 1 |a ابراهيم، طارق ,   |e author 
241 1 0 |a Ahki li-tiflika qisas al-Qur'an 
245 1 0 |a أحكى لطفلك قصص القران   |c طارق ابراهيم 
250 |a الطبعة 1 
260 |a Qahirah :   |b Dar al-Hisham ,   |c 2005 
300 |a 112 p. ;   |c 24 cm. 
504 |a Includes bibliographical references 
650 0 |a Arabic language   |x Readers 
650 0 |a Literature   |x Juvenile literature 
650 0 |a Qur'an stories 
999 |a 1000148689   |b Book   |c OPEN SHELF (30 DAYS)   |e Gong Badak Campus